LEADER 01105nam a2200241 i 4500 001 000000212736 003 CaOOAMICUS 005 20220503120350.0 008 120424s1881 it u000 u ita u 013 $a191584 040 $aSeMil$bita 100 1 $aHugo, Victor,$d<1802-1885>.$0(OLS)http://semarc/name/1144 240 10$aNotre-Dame de Paris.$0(OLS)http://semarc/title/26051 245 10$aNostra Donna di Parigi, o, Esmeralda /$cVittor Hugo. 264 1$aMilano :$bFratelli Treves,$c1881. 300 $a504 p. :$bill. ;$c27 cm. 773 0 $aHugo, Victor <1802-1885>$tOeuvres complètes de Victor Hugo.$dParis : Quantin, 1880-1883.$bEdition définitive d'après les manuscrits originaux.$w()14346 773 0 $aHugo, Victor <1802-1885>$tContemplations.$dParis : Hetzel et C., 1882.$g2$w()16829 850 $aSeMil 852 $aSeMil$W1$xVenegono$y1$m1V VII 33 FA$j163170$B163170$CSeMilBibl$Z2$F174293 $8I 996 $6245$aNostra Donna di Parigi, o, Esmeralda$9(OLS)http://semarc/title/307000 996 $6264$aMilano :$bFratelli Treves$9(OLS)http://semarc/publisher/30212 LEADER 00818nam a2200193 i 4500 001 000000051717 003 CaOOAMICUS 005 20130118000000.0 008 130118s1624 xx u000 u lat u 013 $a22889 026 $au-i- 21e- ocu- trst (3) 1624 (R) 040 $aSeMil$bita 245 10$a1. 300 $a[68], 551, [1] p. 500 $aFront. stampato in rosso e nero. - Segn. : pigreco2 a-d8 A-2L8 2M4. 773 0 $tDisputationum de s.to matrimonii sacramento, authore Thoma Sanchez Cordubensi ... libri decem in tres tomos distributi. 1. Tom. De sponsalibus ... Cum triplici indice disputationum ..$dBrixiae : Apud Damianum Turlinum, 1624.$g1$w()27503 850 $aSeMil 852 $aSeMil$W1$xVenegono$y1$m2F VI 49 FA$j17872$B17872$CSeMilBibl$Z2$F17873 $8I 996 $6245$a1$9(OLS)http://semarc/title/6508